000 00684nam a2200229 a 4500
999 _c2429
_d2429
001 2429
003 BD-JhCC
005 20171106173458.0
008 171102s2008 bg ||||| |||| 00| 0 ben d
020 _a9847010500271
035 _a(BD-JhCC)2429
040 _aBD-JhCC
_dBD-JhCC
041 _aben
082 _223
_a891.4435
_bSAG 2008
100 _aসাগর, রেজা, ফরিদুর
245 _aজয় হলো জয়দেবপুরে /
_cফরিদুর রেজা সাগর
260 _aঢাকা :
_bঅনন্যা,
_c২০০৮
300 _a47 p. :
_c22cm.
650 _aJuvenile Literature
942 _2ddc
_cBK